<?xml version="1.0" encoding="UTF-8"?>
<record
    xmlns:xsi="http://www.w3.org/2001/XMLSchema-instance"
    xsi:schemaLocation="http://www.loc.gov/MARC21/slim http://www.loc.gov/standards/marcxml/schema/MARC21slim.xsd"
    xmlns="http://www.loc.gov/MARC21/slim">

  <leader>02828cam a2200373 i 4500</leader>
  <controlfield tag="001">18541257</controlfield>
  <controlfield tag="005">20221011115418.0</controlfield>
  <controlfield tag="008">150325s2016    nyu      b    001 0 eng  </controlfield>
  <datafield tag="010" ind1=" " ind2=" ">
    <subfield code="a">  2014048367</subfield>
  </datafield>
  <datafield tag="020" ind1=" " ind2=" ">
    <subfield code="a">9781138903814 (hbk)</subfield>
  </datafield>
  <datafield tag="020" ind1=" " ind2=" ">
    <subfield code="z">9781315692708 (ebk)</subfield>
  </datafield>
  <datafield tag="040" ind1=" " ind2=" ">
    <subfield code="a">DLC</subfield>
    <subfield code="b">eng</subfield>
    <subfield code="c">DLC</subfield>
    <subfield code="e">rda</subfield>
    <subfield code="d">DLC</subfield>
  </datafield>
  <datafield tag="042" ind1=" " ind2=" ">
    <subfield code="a">pcc</subfield>
  </datafield>
  <datafield tag="043" ind1=" " ind2=" ">
    <subfield code="a">a-cc---</subfield>
  </datafield>
  <datafield tag="050" ind1="0" ind2="0">
    <subfield code="a">JZ1734</subfield>
    <subfield code="b">.C5495 2016</subfield>
  </datafield>
  <datafield tag="082" ind1="0" ind2="0">
    <subfield code="a">327.51</subfield>
    <subfield code="b">CHI</subfield>
  </datafield>
  <datafield tag="245" ind1="0" ind2="0">
    <subfield code="a">China's international roles :</subfield>
    <subfield code="b">challenging or supporting international order? /</subfield>
    <subfield code="c">edited by Sebastian Harnisch, Sebastian Bersick and J&#xF6;rn-Carsten Gottwald.</subfield>
  </datafield>
  <datafield tag="264" ind1=" " ind2="1">
    <subfield code="a">New York, NY :</subfield>
    <subfield code="b">Routledge,</subfield>
    <subfield code="c">2016.</subfield>
  </datafield>
  <datafield tag="300" ind1=" " ind2=" ">
    <subfield code="a">xii, 263 pages ;</subfield>
    <subfield code="c">24 cm.</subfield>
  </datafield>
  <datafield tag="336" ind1=" " ind2=" ">
    <subfield code="a">text</subfield>
    <subfield code="b">txt</subfield>
    <subfield code="2">rdacontent</subfield>
  </datafield>
  <datafield tag="337" ind1=" " ind2=" ">
    <subfield code="a">unmediated</subfield>
    <subfield code="b">n</subfield>
    <subfield code="2">rdamedia</subfield>
  </datafield>
  <datafield tag="338" ind1=" " ind2=" ">
    <subfield code="a">volume</subfield>
    <subfield code="b">nc</subfield>
    <subfield code="2">rdacarrier</subfield>
  </datafield>
  <datafield tag="490" ind1="0" ind2=" ">
    <subfield code="a">Role theory and international relations ;</subfield>
    <subfield code="v">5</subfield>
  </datafield>
  <datafield tag="504" ind1=" " ind2=" ">
    <subfield code="a">Includes bibliographical references and index.</subfield>
  </datafield>
  <datafield tag="505" ind1="0" ind2=" ">
    <subfield code="a">Role theory and the study of Chinese foreign policy / Sebastian Harnisch -- Historical narrative, remembrance, and the ordering of the world : a historical assessment of China's international relations / Bart Dessein -- China's historical self and its international role / Sebastian Harnisch -- The identity and international role of China : relational grand strategy / Chih-Yu Shih, Chiung-Chiu Huang -- Philosophy, identity and role theory with "Chinese characteristics" / Chen Yudan -- The United States' and China : altercast roles and changing power in the twentieth century / Cameron G. Thies -- China's role in the transformation of international system / Chen Yugang -- China's role in international institutions : the case of global economic governance / J&#xF6;rn-Carsten Gottwald -- Finding a new role in East Asian financial order : China's hesitant turn towards leadership / Mikko Huotari -- China and socialist countries : role change and role continuity / Nele Noesselt -- China and Japan : partner, rival and enemy? / Sebastian Maslow -- China's changing role in its all-weather friendship with Africa / Niall Duggan -- China and the EU : trade and national role conceptions / Sebastian Bersick -- Conclusion : China's role evolution : domestic imperatives and foreign expectations / Sebastian Harnisch, Sebastian Bersick, J&#xF6;rn-Carsten Gottwald.</subfield>
  </datafield>
  <datafield tag="651" ind1=" " ind2="0">
    <subfield code="a">China</subfield>
    <subfield code="x">Foreign relations</subfield>
    <subfield code="y">1949-</subfield>
    <subfield code="9">99834</subfield>
  </datafield>
  <datafield tag="700" ind1="1" ind2=" ">
    <subfield code="a">Harnisch, Sebastian,</subfield>
    <subfield code="e">editor of compilation.</subfield>
    <subfield code="9">99835</subfield>
  </datafield>
  <datafield tag="700" ind1="1" ind2=" ">
    <subfield code="a">Bersick, Sebastian,</subfield>
    <subfield code="d">1968-</subfield>
    <subfield code="e">editor of compilation.</subfield>
    <subfield code="9">99836</subfield>
  </datafield>
  <datafield tag="700" ind1="1" ind2=" ">
    <subfield code="a">Gottwald, J&#xF6;rn-Carsten,</subfield>
    <subfield code="e">editor of compilation.</subfield>
    <subfield code="9">99837</subfield>
  </datafield>
  <datafield tag="856" ind1="4" ind2="2">
    <subfield code="3">Book review (H-Net)</subfield>
    <subfield code="u">http://www.h-net.org/reviews/showrev.php?id=45190</subfield>
  </datafield>
  <datafield tag="906" ind1=" " ind2=" ">
    <subfield code="a">7</subfield>
    <subfield code="b">cbc</subfield>
    <subfield code="c">orignew</subfield>
    <subfield code="d">1</subfield>
    <subfield code="e">ecip</subfield>
    <subfield code="f">20</subfield>
    <subfield code="g">y-gencatlg</subfield>
  </datafield>
  <datafield tag="942" ind1=" " ind2=" ">
    <subfield code="2">ddc</subfield>
    <subfield code="c">BK</subfield>
  </datafield>
  <datafield tag="999" ind1=" " ind2=" ">
    <subfield code="c">591670</subfield>
    <subfield code="d">591670</subfield>
  </datafield>
  <datafield tag="952" ind1=" " ind2=" ">
    <subfield code="0">0</subfield>
    <subfield code="1">0</subfield>
    <subfield code="2">ddc</subfield>
    <subfield code="4">0</subfield>
    <subfield code="7">0</subfield>
    <subfield code="a">CL</subfield>
    <subfield code="b">CL</subfield>
    <subfield code="c">CHIST</subfield>
    <subfield code="d">2022-10-11</subfield>
    <subfield code="e">Donated by China Embassy</subfield>
    <subfield code="l">0</subfield>
    <subfield code="o">327.51 CHI</subfield>
    <subfield code="p">CL-D-2036</subfield>
    <subfield code="r">2022-10-11</subfield>
    <subfield code="w">2022-10-11</subfield>
    <subfield code="y">BK</subfield>
  </datafield>
</record>
